Colors in Italian - Statistics

General Stats
  • This quiz has been taken 2,211 times
  • The average score is 8 of 13
Answer Stats
Hint Answer % Correct
green verde
91%
white bianco
86%
black nero
86%
red rosso
81%
pink rosa
79%
blue blu
74%
yellow giallo
65%
the colors i colori
61%
brown marrone
61%
gray grigio
58%
orange arancione
42%
turquoise turchese
26%
purple porpora
19%
No matching quizzes found
Score Distribution
Percent of People with Each Score
Percentile by Number Answered
Your Score History
You have not taken this quiz